000 00699nam a2200205Ia 4500
003 GCL
008 140319s9999 xx 000 0 ara d
040 _aGCL /
_cGCL
082 0 4 _a332.62
_bم خ
100 1 _aمحمود عبدالفضيل
245 1 0 _aالخديعة المالية الكبرى: الاقتصاد السياسى لشركات توظيف الاموال /
_cمحمود عبدالفضيل
260 _a[S.N] :
_bدار المستقبل العربى ،
_c1989
300 _a214 ص
490 _a
650 0 4 _aالاقتصاد
650 0 4 _aالاستثمار
650 0 4 _aالاقتصاد السياسى
650 0 4 _aشركات توظيف الاموال
942 _2ddc
_cBK
999 _c55004
_d55004